Länder mit der höchsten Opiatnutzungsrate - Statistiken

Allgemein
  • Dieses Quiz wurde 62 mal gespielt
  • Das Durchschnittsergebnis liegt bei 16 aus 26
Antwortstatistiken
Platz Land Anteil der Konsumenten in % Kontinent % Korrekt
6. Vereinigte Staaten 1,04% Nordamerika
89%
2. Afghanistan 2,65% Asien
88%
8. Pakistan 1% Asien
88%
1. Iran 3,31% Asien
86%
3. Russland 1,64% Europa
86%
16. Vereinigtes Königreich 0,73% Europa
81%
23. Italien 0,52% Europa
79%
22. Vietnam 0,53% Asien
77%
23. Frankreich 0,52% Europa
70%
7. Kasachstan 1,03% Asien
70%
5. Ukraine 1,16% Europa
68%
10. Usbekistan 0,93% Asien
68%
14. Weißrussland 0,76% Europa
68%
12. Kirgisistan 0,89% Asien
67%
14. Myanmar 0,8% Asien
67%
23. Tadschikistan 0,52% Asien
67%
17. Georgien 0,72% Asien
58%
17. Irland 0,72% Europa
58%
13. Estland 0,81% Europa
56%
23. Dänemark 0,52% Europa
51%
9. Malaysia 0,94% Asien
47%
20. Malta 0,59% Europa
39%
19. Nigeria 0,7% Afrika
39%
20. Luxemburg 0,59% Europa
37%
4. Malediven 1,34% Asien
32%
11. Mauritius 0,91% Afrika
12%
Keine übereinstimmenden Quizze gefunden
Verteilung der Resultate
Anzahl Personen mit jedem Resultat
Perzentil nach korrekt beantworteten Fragen
Ihre Resultats-Entwicklung
Sie haben dieses Quiz noch nicht gespielt